Statistiques concernant 20 plus grandes communes des 10 plus grands pays d'Europe

Cliquez ici pour prendre le quiz!

Statistiques générales

  • Ce quiz a été pris 85 fois
  • Le résultat moyen est 78 sur 200

Statistiques - réponses

HintRéponse% Correct
FR-3Lyon522 969
96%
FR-1Paris2 165 423
96%
FR-9Bordeaux260 958
94%
FR-2Marseille870 731
94%
FR-10Lille234 475
93%
FR-4Toulouse493 465
93%
RU-1Moscou12 108 257
91%
FR-11Rennes220 488
91%
UK-1Londres8 250 205
90%
FR-5Nice342 669
90%
FR-6Nantes318 808
89%
IT-1Rome2 855 397
89%
DE-1Berlin3 520 031
87%
UK-4Manchester464 200
87%
IT-2Milan1 404 239
87%
FR-8Strasbourg287 228
87%
ES-1Madrid3 223 334
86%
RU-2Saint-Pétersbourg5 131 942
86%
ES-2Barcelone1 620 343
84%
FR-7Montpellier295 542
84%
IT-4Turin878 735
84%
IT-8Florence378 839
83%
IT-3Naples957 075
83%
ES-4Séville688 711
83%
DE-3Munich1 450 381
81%
PL-1Varsovie1 715 517
80%
IT-11Venise260 203
80%
DE-2Hambourg1 787 408
79%
UA-1Kiev2 868 702
79%
UK-6Liverpool434 900
79%
ES-3Valence791 413
79%
DE-5Francfort732 688
77%
IT-5Palerme661 733
77%
FR-13Toulon178 745
77%
NL-1Amsterdam840 486
76%
UK-2Birmingham1 085 810
76%
RO-1Bucarest1 883 425
74%
FR-12Reims181 194
71%
NL-2Rotterdam632 388
71%
DE-4Cologne1 060 582
70%
PL-2Cracovie758 992
70%
IT-6Gênes577 583
70%
UK-3Glasgow590 507
70%
UK-5Édimbourg441 419
69%
FR-17Dijon158 002
67%
FR-16Grenoble158 198
67%
UK-7Leeds430 459
67%
ES-10Bilbao345 821
66%
DE-6Stuttgart623 738
66%
IT-7Bologne392 696
64%
DE-7Düsseldorf612 178
64%
FR-15Le Havre168 290
63%
DE-11Brême557 464
61%
UK-12Cardiff307 364
61%
UA-2Kharkov1 451 732
61%
ES-6Malaga571 026
61%
FR-14Saint-Étienne173 821
61%
DE-10Leipzig560 472
60%
RU-5Nijni Novgorod1 263 873
60%
FR-18Angers155 850
59%
DE-8Dortmund586 181
59%
NL-3La Haye (Den Haag / 's Gravenhage)521 107
57%
UK-10Newcastle-upon-Tyne343 019
56%
DE-14Nuremberg509 975
56%
FR-19Saint-Denis (La Réunion)153 810
56%
IT-12Vérone257 993
56%
RU-14Volgograd1 017 985
56%
IT-9Bari320 257
54%
PL-6Gdańsk460 427
54%
RU-6Kazan1 190 850
54%
UA-3Odessa1 017 022
54%
IT-10Catane310 904
53%
UA-5Donetsk (de jure)949 825
53%
FR-20Villeurbanne152 212
53%
DE-12Dresde543 825
51%
NL-5Eindhoven225 060
50%
ES-5Saragosse666 880
50%
DE-13Hanovre532 163
47%
IT-18Parme196 518
47%
UK-18Southampton252 129
47%
ES-19Grenade232 208
46%
UK-15Belfast274 586
44%
RU-4Iekaterinbourg1 412 346
44%
PL-3Łódź708 554
44%
RU-10Rostov1 109 835
44%
UA-7Lviv729 038
41%
NL-4Utrecht340 153
41%
DE-9Essen582 624
40%
UA-10Marioupol (de jure)458 533
40%
UK-9Sheffield428 971
40%
UK-8Bristol429 028
39%
PL-5Poznań551 627
39%
RO-2Cluj-Napoca324 576
37%
ES-18La Corogne244 850
37%
IT-15Trieste204 078
36%
ES-11Alicante331 577
34%
DE-19Bonn318 809
34%
ES-8Palma de Majorque409 661
34%
NL-7Groningue (Groningen)199 860
33%
ES-15Vigo293 642
33%
PL-4Wrocław631 188
33%
IT-13Messine231 708
31%
ES-13Valladolid298 866
31%
ES-12Cordoue325 708
30%
UA-4Dnipro(petrovsk)993 094
30%
PL-10Katowice307 233
30%
IT-16Brescia198 340
29%
RU-3Novossibirsk1 547 910
29%
UK-17Leicester252 814
27%
RU-11Oufa1 096 702
27%
IT-14Padoue210 993
27%
RU-13Perm1 026 477
27%
UK-20Plymouth248 402
27%
RU-7Samara1 172 348
27%
UA-14Sébastopol (de jure)344 853
27%
ES-14Gijón298 450
26%
RU-17Krasnodar805 680
26%
ES-9Las Palmas de Gran Canaria378 517
26%
ES-7Murcie447 182
26%
RU-9Omsk1 166 092
26%
DE-18Bielefeld333 090
23%
NL-9Bréda (Breda)182 394
21%
RO-5Constanța283 872
21%
DE-15Duisbourg491 231
20%
IT-20Modène186 307
20%
IT-17Tarente196 702
20%
PL-12Gdynia248 726
19%
PL-9Lublin347 678
19%
DE-16Bochum364 742
17%
PL-7Szczecin409 211
17%
RO-3Timișoara319 279
17%
UK-11Coventry310 200
16%
NL-12Haarlem158 395
16%
UA-11Lougansk (de jure)424 113
16%
DE-20Münster310 039
16%
RU-15Voronej1 014 610
16%
DE-17Wuppertal350 046
16%
ES-20Elche230 625
14%
RU-12Krasnoïarsk1 035 528
14%
UA-6Zaporijia766 268
14%
NL-14Arnhem154 815
13%
PL-8Bydgoszcz362 286
13%
RU-16Saratov840 785
13%
RU-8Tcheliabinsk1 169 432
13%
RU-18Togliatti718 127
13%
RO-6Craiova269 506
11%
UA-15Simferopol (de jure)338 319
11%
PL-11Białystok294 921
10%
RO-4Iași290 422
10%
UA-16Kherson (de jure)297 593
10%
ES-17Vitoria-Gasteiz249 176
10%
NL-17Bois-le-Duc (Den Bosch / 's Hertogenbosch)151 948
9%
RO-7Brașov253 200
9%
NL-10Nimègue (Nijmegen)172 463
9%
NL-6Tilbourg (Tilburg)213 032
9%
UK-14Bradford301 499
7%
RO-8Galați249 432
7%
UA-8Kryvy Rih652 137
7%
RU-20Oulianovsk616 672
7%
RO-20Satu Mare102 411
7%
UA-18Tchernihiv / Tchernigov295 670
7%
NL-19Zwolle125 241
7%
NL-8Almere199 479
6%
RO-17Baia Mare123 738
6%
PL-18Gliwice186 210
6%
RU-19Ijevsk637 309
6%
ES-16L'Hospitalet de Llobregat261 068
6%
UA-9Mykolaïv / Nicolaev494 922
6%
RO-9Ploiești209 945
6%
PL-14Radom219 703
6%
UK-19Reading249 462
6%
PL-19Rzeszów182 028
6%
UK-16Stoke-on-Trent260 336
6%
PL-16Toruń204 847
6%
NL-11Apeldoorn159 475
4%
RO-11Brăila180 302
4%
PL-13Częstochowa234 472
4%
NL-13Enschede157 848
4%
PL-17Kielce201 815
4%
IT-19Prato194 590
4%
RO-14Sibiu147 245
4%
RO-16Târgu Mureș134 290
4%
UA-19Tcherkassy285 170
4%
UA-12Vinnytsia372 116
4%
PL-20Zabrze179 500
4%
RO-12Arad159 074
3%
RO-15Bacău144 307
3%
UA-13Makiïvka (de jure)351 820
3%
RO-10Oradea (Mare)196 367
3%
RO-13Pitești155 383
3%
UA-17Poltava295 950
3%
PL-15Sosnowiec213 513
3%
NL-20Zoetermeer124 437
3%
NL-15Amersfoort153 913
1%
RO-19Botoșani106 847
1%
RO-18Buzău115 494
1%
NL-18Haarlemmermeer145 103
1%
UK-13Kingston-upon-Hull301 984
1%
UA-20Jytomyr270 922
0%
NL-16Zaanstad152 973
0%

Distribution des résultats

Percentile par nombre de réponses

% des personnes avec chaque résultat

Votre développement - résultats

Vous n’avez pas pris ce quiz